000 00995nam a2200277 a 4500
001 26213
003 CO-ViMGA
005 20230915232151.0
008 141112s2004 ck r 000 u spa d
015 _ack - 2010 - xxxx
020 _a9789583035180
040 _aCO-ViMGA
_bspa
_cCO-ViMGA
043 _as - ck - - -
082 0 4 _aCo863.6 C11m9
100 1 _aCaballero Calderón, Eduardo, 1910 - 1993.
_91044
245 1 0 _aManuel Pacho /
_cEduardo Caballero Calderón.
250 _aEditor Carlos Sánchez Lozano.
260 _aBogotá :
_bPanAméricana Editorial,
_c2010.
300 _a176 p. ; 21 cm.
490 _aColeccion Eduardo Caballero Calderon
490 _aColección Eduardo Caballero Calderón
650 1 4 _aNovela colombiana.
_91193
700 1 _aSánchez, Carlos, ed.
_940913
852 _13.238.60
942 _2ddc
_cBK
999 _c33402
_d33402